02715agaaa2200337 45000010005000000030009000050050017000140070009000310080040000400400023000800410013001031000052001161300041001682450196002092500022004052600126004273000034005535080199005875110082007865200882008685380016017505460013017666500063017797000062018427000064019047000070019687000069020389420012021079990019021199520239021381598IT-RoPAU20220918181224.0d cvaizq50131s9999||||xx ||| | || ||und|| aIT-RoPAUcIT-RoPAU aITALIANO aSerra GiannigCodice regista SPICS: 1648937128 aRAGAZZA DI VIA MILLELIRE (LA)937129 aRAGAZZA DI VIA MILLELIRE (LA)cProdotto da: Rai -- Sceneggiatura: Sherman Thomas Serra Gianni -- Diretto da: Serra GiannipRAGAZZA DI VIA MILLELIRE (LA) (Rif. Codice opera principale : 21598) aEdizione Standard aROMA (ITALIA)bRAI - RADIO TELEVISIONE ITALIANA / Distribuzione: RAI DUEg"1982 (1° ed.: 1983 ; Ed. Lingua Orig.: 1982)" aVHSbsonoro, col.c110 minuti a"Fotografia: Di Palma Dario; Montaggio: Di Mauro Maria; Musica: Bacalov Luis; Sceneggiatura: Sherman Thomas Serra Gianni; Scenografia: Calamo Silvestro; Soggetto: Sherman Tomaso -- Serra Gianni" a"Conforti Oria; Monti Maria; Orlando Mario; Policaro Lisa; Signorile Roberto" a"BETTY TREDICENNE IMMIGRATA DAL SUD E RESIDENTE NELLA CINTURA TORINESE DELLA DISGREGAZIONE SOCIALE E MORALE NELLA MALFANATA VIA MILLELIRE HA ALLE SPALLE UNA FAMIGLIA IN SFACELO: MADRE AMBULANTE UNA COVATA A NON FINIRE DI FRATELLI E SORELLE DI CUI UNO SEMIDEFICIENTE E IL PADRE IN CARCERE INTORNO UN AMBIENTE IN DEGRADO: DROGA VIOLENZA PROSTITUZIONE LA RAGAZZA VA E VIENE IN QUESTO AMBIENTE FUGGENDO PERPETUAMENTE: DALLA FAMIGLIA DALLE BREVI RELAZIONICON GIOVANI SBANDATI E PRIVI DI SCRUPOLI DAI ""CENTRI D'INCONTRO"" E DAI RIFORMATORI E' IRREQUIETA SFORTUNATA IRRESPONSABILE IL SUO CONTINUO FUGGIRE E'SCANDITO DA RICORRENTI RITORNI A UNO SQUALLIDO CENTRO SOCIALE E A UNA ANNOIATA E RASSEGNATA ASSISTENTE SOCIALE CHE TUTTAVIA QUALCOSA TENTA DI FARE PER RADDRIZZARLA MA INUTILMENTE IL FILM SI CHIUDE AMARO SULL'ENNESIMA FUGA DIBETTY E SU OGNI SPIRAGLIO DI SPERANZA FILM A COLORI" aPAL, STEREO aITALIANO aDRAMMATICOeFILMS [VHS]xCodice MATERIA SPICS: 9960934083 aBacalov Luise(musica)gCodice Musica SPICS: 21505937130 aSerra Gianni e(regista)gCodice regista SPICS: 1648937131 aSerra Gianni e(soggetto)gCodice Soggetto 2° SPICS: 1648937132 aSherman Tomaso e(soggetto)gCodice Soggetto SPICS: 29821937133 cVH2ddc c104687d104687 001040621598_00000000000000071aSPICSbSPICSd2015-01-31l0o21598r2015-01-31 00:00:00w2015-01-31yVHzProgr. Ins.: 1394 / N.Vol.:1 / Copie: 1 / Pag.: / Copia rara: n.d. / date import: 1.2.2015 / By Epidotti, Trombetti, Vaglietti